Normal view
MARC view
- Syed Ahmad Faran
Entry Personal Name
001 - CONTROL NUMBER
- control field: 100558
003 - CONTROL NUMBER IDENTIFIER
- control field: NUST
005 - DATE AND TIME OF LATEST TRANSACTION
- control field: 20221018091941.0
008 - FIXED-LENGTH DATA ELEMENTS
- fixed length control field: 221018|| aca||aabn | a|a d
040 ## - CATALOGING SOURCE
- Original cataloging agency: NUST
- Transcribing agency: NUST
100 ## - HEADING--PERSONAL NAME
- Personal name: Syed Ahmad Faran
670 ## - SOURCE DATA FOUND
- Source citation: Work cat.: (NUST)12248: Syed Ahmad Faran , Performance analysis of 802.11 DCF with limited channels
